| 000 | 00729nam a2200169 a 4500 | ||
|---|---|---|---|
| 001 | 000048698 | ||
| 005 | 20201002061335.0 | ||
| 008 | 190410s2016 dr a 000 0 spa d | ||
| 040 |
_aDO-SdBNP _bspa _cBNPHU |
||
| 110 | 1 |
_aSuperintendencia de Electricidad _bRepública Dominicana _976152 |
|
| 245 | 1 | 0 |
_aReglamento para depósito, actualización y devolución de fianzas para contratos entre usuarios regulados y empresas distribuidoras : _bresolución SIE-011-2015-MEMI. |
| 260 |
_aSanto Domingo : _bSuperintendencia de Electricidad, _c2016. |
||
| 300 |
_a[53] p. : _bils. ; _c28 cm. |
||
| 490 | 1 |
_aMercado eléctrico minorista (MEMI) _v4 |
|
| 590 | _aInventariado, 2019/VM | ||
| 830 | 0 |
_aMercado eléctrico minorista (MEMI) _n4 _976156 |
|
| 999 |
_c48186 _d48186 |
||